000 008290000a22002650004500
090 _aMM
_b00178
245 1 0 _aInformación geográfica retrospectiva Sierra Nevada de Santa Marta
300 _bCD-ROM
440 0 _aBiblioteca ambiental digital , 5
_9100956
650 1 4 _aGeografía
_992259
650 1 4 _aGeología
_993001
650 1 4 _aGeomorfología
_993492
650 1 4 _aHidrología
_992912
650 1 4 _aAspectos sociales
_997734
650 1 4 _aZonificación
_9100957
650 1 4 _aUso del suelo
_93216
650 1 4 _aMapas
_992258
651 4 _lSierra Nevada de Santa Marta
_d<Cesar>, <Guajira> y <Magdalena>
_pColombia
_992749
041 0 _aEspañol
044 _aColombia
110 1 _aInstituto Geográfico Agustin Codazzi
_sIGAC
_918570
260 _aBogotá
_bMinambiente
_c2002
260 _bUNEP
942 _cCD-ROM
999 _c16554
_d16554